logo

Bir Sreshtho Munshi Abdur Rouf Library
Jhenaidah Cadet College

Statics / (Record no. 5909)

MARC details
000 -LEADER
fixed length control field 00537nam a2200217 a 4500
001 - CONTROL NUMBER
JCCL Control Number 5909
003 - CONTROL NUMBER IDENTIFIER
JCCL marc code BD-JhCC
005 - DATE AND TIME OF LATEST TRANSACTION
control field 20171230181100.0
008 - FIXED-LENGTH DATA ELEMENTS--GENERAL INFORMATION
fixed length control field 171230s19831999ii |||| |||| 000 0 eng d
035 ## - SYSTEM CONTROL NUMBER
system control number (BD-JhCC)5909
040 ## - CATALOGING SOURCE
Original cataloging agency BD-JhCC
Modifying agency BD-JhCC
041 ## - LANGUAGE CODE
Language code of Book eng
082 ## - DEWEY DECIMAL CLASSIFICATION NUMBER
Classification number 531.12
Author mark and Year CHA 1999
100 ## - MAIN ENTRY--PERSONAL NAME
Personal name Chatterji, P. N.
245 ## - TITLE STATEMENT
Title Statics /
Statement of responsibility, etc P. N. Chatterji,
260 ## - PUBLICATION, DISTRIBUTION, ETC. (IMPRINT)
Place of publication, distribution, etc Uttar Prodesh :
Name of publisher, distributor, etc Rajhans Prakashan Mandir,
Date of publication, distribution, etc 1999.
300 ## - PHYSICAL DESCRIPTION
Pagination 108 p. :
Dimensions 22 cm.
650 ## - SUBJECT ADDED ENTRY--TOPICAL TERM
Topical term or geographic name as entry element Statics
942 ## - ADDED ENTRY ELEMENTS (KOHA)
Source of classification or shelving scheme Dewey Decimal Classification
Koha item type Books
Holdings
Source of classification or shelving scheme Damaged status Not for loan Home library Current library Shelving location Date of accession Total Checkouts Full call number Barcode Date last seen Copy number Koha item type
Dewey Decimal Classification     JCC Rouf Library JCC Rouf Library General Stacks 12/30/2017   531.12 CHA 1999 7737 12/30/2017 C - 1 Books

JCC Library | Contacts | JCC Home

Last Update on 23 September 2017
Copyright @ 2017-2020 JCC Rouf Library
Rouf Library, Jhenidah Cadet College (JCC), Bangladesh